Capitales des pays qui commencent par A - Statistiques

Statistiques générales
  • Ce quiz a été pris 334 fois
  • Le résultat moyen est 12 sur 16
Statistiques - réponses
A Pays Capitales % Correct
Algérie Alger
99%
Allemagne Berlin
96%
Argentine Buenos Aires
91%
Autriche Vienne
90%
Australie Canberra
89%
Afghanistan Kaboul
89%
Andorre Andorre-le-Vieille
85%
Albanie Tirana
83%
Afrique du Sud Le Cap
80%
Arabie saoudite Riyad
80%
Pretoria
77%
Arménie Erevan
71%
Azerbaïdjan Bakou
69%
Angola Luanda
60%
Bloemfontein
41%
Antigua-et-Barbuda Saint John's
37%
Aucun quiz correspondant
Distribution des résultats
% des personnes avec chaque résultat
Percentile par nombre de réponses
Votre historique - résultats
Vous n’avez pas pris ce quiz